Ghost Eye : Novel (Record no. 370355)

MARC details
000 -LEADER
fixed length control field 00423nam a2200169 4500
005 - DATE AND TIME OF LATEST TRANSACTION
control field 20260206152439.0
008 - FIXED-LENGTH DATA ELEMENTS--GENERAL INFORMATION
fixed length control field 260206b |||||||| |||| 00| 0 eng d
020 ## - INTERNATIONAL STANDARD BOOK NUMBER
International Standard Book Number 978 93 7307 343 9
041 ## - LANGUAGE CODE
Language code of text/sound track or separate title English
082 ## - DEWEY DECIMAL CLASSIFICATION NUMBER
Classification number X 823.914 GHO
Item number B12204
100 ## - MAIN ENTRY--PERSONAL NAME
Author Ghosh, Amitav
245 ## - TITLE STATEMENT
Title Ghost Eye : Novel
260 ## - PUBLICATION, DISTRIBUTION, ETC.
Place of publication, distribution, etc. New Delhi
Name of publisher, distributor, etc. Fourth Estate
Date of publication, distribution, etc. 2026
300 ## - PHYSICAL DESCRIPTION
Extent 325p
Other physical details pb
365 ## - TRADE PRICE
Price type code Rupaye
Price amount 558
Currency code INR
942 ## - ADDED ENTRY ELEMENTS (KOHA)
Koha item type Books
Holdings
Withdrawn status Lost status Source of classification or shelving scheme Damaged status Not for loan Home library Current library Date acquired Vendor Net Price Bill number Total Checkouts Full call number Barcode Date due Date last seen Date last checked out Actual Price Bill Date Koha item type Original Barcode
    Dewey Decimal Classification     Smt. Bakul Tambat Institute of Nursing Education Smt. Bakul Tambat Institute of Nursing Education 06/02/2026 Amazon(online) 171-2825143-8655544 558.00 PNQ3-3673656 4 X 823.914 GHO B12204 BTIN-BK-12204 07/04/2026 24/03/2026 24/03/2026 558.00 02/02/2026 Books BTIN-BK-12204